000 00541nam a2200193Ia 4500
008 151119s9999||||xx |||||||||||||| ||und||
082 _a294.53
082 _bGKKV23060
100 _aSRRI RAM SHARMA CHHARYA
245 _aPENTAGONAL PROCESS OF DAILY GAYATRI WORKSHIP
260 _a--
260 _b--
260 _c0
600 _aSRRI RAM SHARMA CHHARYA
630 _aPENTAGONAL PROCESS OF DAILY GAYATRI WORKSHIP
700 _aSRRI RAM SHARMA CHHARYA
730 _aPENTAGONAL PROCESS OF DAILY GAYATRI WORKSHIP
942 _cBOOK
999 _c1075744
_d1075741